000 00848nam a2200217Ia 4500
999 _c39940
_d39940
001 6546
003 GE_BSU
005 20191016104949.0
008 181216s1957||||g |||||||||||||| ||geo||
040 _cGE_BSU
041 _ageo
080 _a821.353.1-1 ბ-56
100 _aბერულავა, ხუტა
_93945
245 _aჩემი ნობათი :
_bლექსები და პოემები /
_cხუტა ბერულავა ; რედ. ვ. ძიძიგური.
264 _aთბილისი :
_bსაბლიტგამი ;
_c1957.
300 _a126 გვ. ;
_c22 სმ.
653 _aლექსები და პოემები.
653 _aჩემი ნობათი.
700 _aძიძიგური, ვ.
_eრედაქტორი
_93813
942 _cBK
_2udc